Normal view
MARC view
Entry Nombre de reunión
001 - NÚMERO DE CONTROL
- campo de control: 67468
003 - IDENTIFICADOR DEL NÚMERO DE CONTROL
- campo de control: OSt
005 - FECHA Y HORA DE LA ÚLTIMA TRANSACCIÓN
- campo de control: 20200615035724.0
008 - DATOS DE LONGITUD FIJA
- campo de control de longitud fija: 200615|| aca||aabn | a|a d
040 ## - FUENTE DE LA CATALOGACIÓN
- Centro catalogador/agencia de origen: OSt
- Centro/agencia transcriptor: OSt
111 ## - ENCABEZAMIENTO--NOMBRE DE CONGRESO/REUNIÓN
- Nombre de congreso/reunión o jurisdicción como elemento de entrada: Simposio Internacional de Arqueología de Mérida "Protohistoria del Mediterráneo Occidental"
- Número del congreso/reunión o número de parte o sección: (3º :
- Fecha del congreso/reunión: 2003
- Sede del congreso/Lugar de la reunión: Mérida)
670 ## - FUENTE DE DATOS ENCONTRADOS
- Cita de la fuente: Work cat.: (OSt)40502: Simposio Internacional de Arqueología de Mérida "Protohistoria del Mediterráneo Occidental" (3º : 2003 Mérida), El período orientalizante :, 2005.
